[Event "2nd Kalyan Dombivali 2019"]
[Site "Kalyan"]
[Date "2019.01.31"]
[Round "4"]
[White "Midilesh MS"]
[Black "Sparsh Khandelwal"]
[Result "0-1"]
[WhiteElo "1558"]
[BlackElo "1823"]
[Annotator "NA RC"]
[PlyCount "122"]
[EventDate "2019.01.28"]
[EventType "swiss"]
[EventRounds "10"]
[EventCountry "IND"]
[SourceTitle "playchess.com"]
[Source "ChessBase"]
[SourceQuality "1"]
[TimeControl "5400+30"]

{[%evp 15,102,-11,-13,-17,-20,-22,8,20,14,0,16,18,16,15,38,25,40,27,45,24,49,10,55,24,46,39,32767,32767,32767,32767,32767,32767,44,2,24,8,32767,32767,32767,32767,67,38,36,5,68,25,47,11,15,-23,-5,-45,4,32767,32767,32767,32767,4,7,32767,32767,32767,32767,-170,-209,-300,-207,-211,-321,-360,-408,-475,-660,32767,32767,32767,32767,-2945,-29982,-5716,32767,32767,32767,32767,32767,32767,-29988,-29988,-29987]} 1. e4 {[%emt 0:00:00]} c5 {[%emt 0:00:00]} 2. Nf3 {[%emt 0:00:00]} g6 {[%emt 0:00:37]} 3. d4 {[%emt 0:00:00]} cxd4 {[%emt 0:00:10]} 4. Nxd4 {[%emt 0:00:00]} Bg7 {[%emt 0:00:05]} 5. c4 {[%emt 0:00:34]} Nc6 {[%emt 0:00:35]} 6. Nc2 {[%emt 0:04:00]} d6 {[%emt 0:01:41]} 7. Nc3 {[%emt 0:10:22]} Nh6 {[%emt 0:06:05]} 8. f3 {[%emt 0:10:31]} f5 {[%emt 0:10:20]} 9. Be2 {[%emt 0:19:26]} fxe4 {[%emt 0:12:36]} 10. Nxe4 {[%emt 0:06:18]} Nf5 {[%emt 0:00:04]} 11. O-O {[%emt 0:04:43]} O-O {[%emt 0:03:28]} 12. Kh1 {[%emt 0:06:35]} Kh8 {[%emt 0:01:33]} 13. Rb1 {[%emt 0:02:51]} Qa5 {[%emt 0:11:47]} 14. a3 {[%emt 0:06:31]} Ncd4 {[%emt 0:02:14]} 15. Nxd4 {[%emt 0:13:29]} Nxd4 {[%emt 0:00:05]} 16. b4 {[%emt 0:03:59]} Qd8 {[%emt 0:05:34]} 17. Bd3 {[%emt 0:05:43]} a5 {[%emt 0:04:23]} 18. b5 {[%emt 0:02:13]} Bf5 {[%emt 0:00:05]} 19. a4 {[%emt 0:00:57]} Rc8 {[%emt 0:00:48]} 20. Be3 {[%emt 0:00:41]} d5 {[%emt 0:01:49]} 21. cxd5 {[%emt 0:00:59]} Qxd5 {[%emt 0:00:09]} 22. Ng3 {[%emt 0:00:36]} Bxd3 {[%emt 0:00:43]} 23. Qxd3 {[%emt 0:00:01]} Qc4 {[%emt 0:01:49]} 24. Qe4 {[%emt 0:00:57]} Nc2 {[%emt 0:05:10]} 25. Bb6 {[%emt 0:00:32]} Qxe4 {[%emt 0:00:34]} 26. Nxe4 {[%emt 0:00:28]} Na3 {[%emt 0:00:05]} 27. Rbc1 {[%emt 0:00:20]} Rc4 {[%emt 0:02:18]} 28. Rxc4 {[%emt 0:00:43]} Nxc4 {[%emt 0:00:04]} 29. Bc5 {[%emt 0:00:28]} Re8 {[%emt 0:02:54]} (29... Nb2 $11) 30. Rc1 {[%emt 0:00:27]} Nb2 {[%emt 0:01:06]} 31. Bb6 {[%emt 0:00:10]} Ra8 {[%emt 0:03:04]} 32. Nc5 {[%emt 0:00:53]} Rc8 {[%emt 0:00:57]} 33. Bxa5 {[%emt 0:00:28]} b6 {[%emt 0:01:51]} (33... Nxa4 $1 $15 34. Nd3 Rxc1+ 35. Nxc1 Kg8) 34. Bxb6 {[%emt 0:00:34]} Nxa4 {[%emt 0:00:04]} 35. Ba7 {[%emt 0:00:11]} Bd4 {[%emt 0:00:06]} 36. Rc4 {[%emt 0:00:42]} Bxc5 {[%emt 0:00:09]} 37. b6 {[%emt 0:00:29]} Rd8 {[%emt 0:00:03]} 38. g3 {[%emt 0:00:24]} Bxb6 {[%emt 0:00:05]} 39. Rxa4 {[%emt 0:00:42]} Ra8 {[%emt 0:00:03]} 40. Bxb6 $2 {[%emt 0:00:24]} (40. Ra6 $17) 40... Rxa4 {[%emt 0:00:05]} 41. Kg2 {[%emt 0:00:38]} Kg7 {[%emt 0:00:05]} 42. f4 {[%emt 0:00:30]} (42. g4 $142) 42... Kf6 {[%emt 0:00:05]} 43. Bc7 {[%emt 0:00:27]} Kf5 {[%emt 0:00:06]} 44. Be5 {[%emt 0:00:21]} Ra2+ {[%emt 0:00:05]} 45. Kh3 {[%emt 0:00:32]} g5 {[%emt 0:00:12]} 46. g4+ {[%emt 0:00:38]} Ke4 {[%emt 0:00:05]} 47. Bc7 {[%emt 0:00:28]} Ra3+ {[%emt 0:00:09]} 48. Kg2 {[%emt 0:00:08]} gxf4 {[%emt 0:00:03]} 49. Bb6 {[%emt 0:00:21]} Ra2+ {[%emt 0:00:14]} 50. Bf2 {[%emt 0:00:06]} e5 {[%emt 0:00:21]} 51. h4 {[%emt 0:00:09]} Kd5 {[%emt 0:00:04]} 52. g5 {[%emt 0:00:27]} e4 {[%emt 0:00:03]} 53. Kf1 {[%emt 0:00:04]} e3 {[%emt 0:00:06]} 54. Be1 {[%emt 0:00:08]} f3 {[%emt 0:00:05]} 55. Bc3 {[%emt 0:00:57]} Rc2 {[%emt 0:00:09]} 56. Be1 {[%emt 0:00:06]} Rc1 {[%emt 0:00:07]} 57. h5 {[%emt 0:00:11]} f2 {[%emt 0:00:04]} 58. h6 {[%emt 0:00:04]} fxe1=Q+ {[%emt 0:00:07]} 59. Kg2 {[%emt 0:00:06]} Qf2+ {[%emt 0:00:04]} 60. Kh3 {[%emt 0:00:05]} Rh1+ {[%emt 0:00:12]} 61. Kg4 {[%emt 0:00:06]} Rh4# {[%emt 0:00:04]} 0-1

[Event "2nd Kalyan Dombivali 2019"]
[Site "Kalyan"]
[Date "2019.01.31"]
[Round "4"]
[White "Kasar Prashant"]
[Black "Mota Khant"]
[Result "*"]
[WhiteElo "1495"]
[BlackElo "1173"]
[Annotator "NA RC"]
[PlyCount "38"]
[EventDate "2019.01.28"]
[EventType "swiss"]
[EventRounds "10"]
[EventCountry "IND"]
[SourceTitle "playchess.com"]
[Source "ChessBase"]
[SourceQuality "1"]
[TimeControl "5400+30"]

1. e4 {[%emt 0:00:38]} c5 {[%emt 0:00:00]} 2. Nc3 {[%emt 0:00:06]} Nc6 {[%emt 0:00:00]} 3. g3 {[%emt 0:00:05]} g6 {[%emt 0:00:04]} 4. Bg2 {[%emt 0:00:06]} Bg7 {[%emt 0:00:16]} 5. Nge2 {[%emt 0:00:10]} e6 {[%emt 0:00:20]} 6. O-O {[%emt 0:00:08]} Nge7 {[%emt 0:00:07]} 7. d3 {[%emt 0:00:43]} O-O {[%emt 0:00:43]} 8. Be3 {[%emt 0:00:42]} Nd4 {[%emt 0:01:12]} 9. f4 {[%emt 0:09:57]} d5 {[%emt 0:02:07]} 10. Rb1 {[%emt 0:17:06]} b6 {[%emt 0:05:23]} 11. f5 {[%emt 0:08:57]} exf5 {[%emt 0:09:17]} 12. exd5 {[%emt 0:10:30]} Bb7 {[%emt 0:00:31]} 13. d6 {[%emt 0:03:39]} Bxg2 {[%emt 0:03:26]} 14. dxe7 {[%emt 0:07:46]} Qxe7 {[%emt 0:00:20]} 15. Bxd4 {[%emt 0:04:33]} cxd4 {[%emt 0:01:21]} 16. Kxg2 {[%emt 0:04:48]} dxc3 {[%emt 0:00:28]} 17. bxc3 {[%emt 0:05:48]} Rfe8 {[%emt 0:01:30]} 18. Re1 {[%emt 0:01:56]} Rac8 {[%emt 0:00:50]} 19. d4 {[%emt 0:08:25]} Qe4+ {[%emt 0:00:33]} *

[Event "2nd Kalyan Dombivali 2019"]
[Site "Kalyan"]
[Date "2019.01.31"]
[Round "4"]
[White "Sarode Om"]
[Black "Roy Aanya"]
[Result "1-0"]
[WhiteElo "1427"]
[BlackElo "1232"]
[Annotator "NA RC"]
[PlyCount "67"]
[EventDate "2019.01.28"]
[EventType "swiss"]
[EventRounds "10"]
[EventCountry "IND"]
[SourceTitle "playchess.com"]
[Source "ChessBase"]
[SourceQuality "1"]
[TimeControl "5400+30"]

1. e4 {[%emt 0:00:00]} e6 {[%emt 0:00:00]} 2. d4 {[%emt 0:00:00]} d5 {[%emt 0:00:00]} 3. e5 {[%emt 0:00:00]} c5 {[%emt 0:00:00]} 4. c3 {[%emt 0:00:00]} Qb6 {[%emt 0:00:00]} 5. Nf3 {[%emt 0:00:00]} Nc6 {[%emt 0:00:00]} 6. a3 {[%emt 0:00:02]} a5 {[%emt 0:00:00]} 7. Bd3 {[%emt 0:01:01]} Bd7 {[%emt 0:00:00]} 8. Bc2 {[%emt 0:00:48]} Nh6 {[%emt 0:00:09]} 9. O-O {[%emt 0:04:41]} Be7 {[%emt 0:00:31]} 10. Re1 {[%emt 0:02:44]} Nf5 {[%emt 0:00:44]} 11. Bxf5 {[%emt 0:00:20]} exf5 {[%emt 0:00:02]} 12. Re2 {[%emt 0:05:59]} cxd4 {[%emt 0:01:34]} 13. cxd4 {[%emt 0:00:49]} Be6 {[%emt 0:05:48]} 14. Nc3 {[%emt 0:04:01]} Rb8 {[%emt 0:09:47]} 15. Rc2 {[%emt 0:06:31]} h6 {[%emt 0:09:21]} 16. h4 {[%emt 0:08:55]} Qd8 {[%emt 0:08:52]} 17. g3 {[%emt 0:09:30]} g5 {[%emt 0:07:15]} 18. h5 {[%emt 0:01:06]} g4 {[%emt 0:01:57]} 19. Ne1 {[%emt 0:00:22]} Qb6 {[%emt 0:13:45]} 20. Be3 {[%emt 0:01:14]} Bg5 {[%emt 0:07:06]} 21. Ng2 {[%emt 0:01:06]} Bxe3 {[%emt 0:00:51]} 22. fxe3 {[%emt 0:00:14]} Qd8 {[%emt 0:03:23]} 23. Nf4 {[%emt 0:01:51]} Qd7 {[%emt 0:05:59]} 24. Nb5 {[%emt 0:02:21]} Kd8 {[%emt 0:06:51]} 25. Qd3 {[%emt 0:04:00]} Ke7 {[%emt 0:06:10]} 26. Nd6 {[%emt 0:00:57]} Rhd8 {[%emt 0:03:30]} 27. Qe2 {[%emt 0:02:37]} Kf8 {[%emt 0:01:08]} 28. Rac1 {[%emt 0:02:27]} Kg8 {[%emt 0:01:31]} 29. Rc5 {[%emt 0:05:35]} f6 {[%emt 0:01:49]} 30. Nxb7 {[%emt 0:02:33]} Nxd4 {[%emt 0:01:26]} 31. exd4 {[%emt 0:00:05]} Rxb7 {[%emt 0:00:27]} 32. Rc6 {[%emt 0:00:14]} Bf7 {[%emt 0:01:05]} 33. e6 {[%emt 0:00:09]} Bxe6 {[%emt 0:00:38]} 34. Rxe6 1-0

[Event "2nd Kalyan Dombivali 2019"]
[Site "Kalyan"]
[Date "2019.01.31"]
[Round "4"]
[White "Jadhav Jyotiraditya"]
[Black "Kumar, Gaurav"]
[Result "0-1"]
[WhiteElo "1358"]
[BlackElo "2128"]
[Annotator "TA"]
[PlyCount "116"]
[EventDate "2019.01.28"]
[EventType "swiss"]
[EventRounds "10"]
[EventCountry "IND"]
[SourceTitle "playchess.com"]
[Source "ChessBase"]
[SourceQuality "1"]

{[%evp 10,116,5,8,22,4,97,12,22,4,20,11,8,8,19,14,38,26,19,25,22,29,46,10,7,11,7,-205,-207,-199,-204,-219,-219,-206,-182,-182,-113,-308,-311,-329,-231,-475,-381,-410,-387,-588,-199,-507,-34,-35,0,0,0,0,6,0,0,0,0,0,0,0,0,-10,-6,-7,-6,-15,0,-20,0,0,0,-188,-116,-116,-114,-109,-104,-98,-104,-103,-87,-72,-73,-429,-348,-1020,-818,-5173,-4134,-4802,-6211,-4610,-1387,-29978,-29979,-29979,-29979,-29979,-29980,-29981,-29981,-29981,-29982,-29982,-29982,-29982,-29983]} 1. d4 Nf6 2. c4 e6 3. Nc3 Bb4 4. Nf3 (4. e3 O-O 5. Nf3 {½-½ (26) Heberla,B (2542)-Hracek,Z (2556) Czech Republic 2018}) 4... c5 $146 ({Predecessor:} 4... O-O 5. e3 {0-1 (36) Bara,J (1422)-Kriz,J (1710) Prague 2015}) 5. e3 O-O 6. Be2 Ne4 {E50: Nimzo-Indian: Rubinstein: 4...0-0 5 Nf3} (6... cxd4 7. exd4 d5 8. O-O dxc4 9. Bxc4 b6 10. Qb3 Bxc3 11. bxc3 Nc6 12. Be2 Bb7 13. Bg5 Rc8 14. Rac1 Qd6 15. Bxf6 gxf6 16. Rfd1 Rfd8 17. Qa4 Qf4 18. Ba6 Bxa6 19. Qxa6 {½-½ (26) Heberla,B (2542)-Hracek,Z (2556) Czech Republic 2018}) 7. Qc2 Qa5 (7... f5 $11 {remains equal.}) ({Predecessor:} 7... f5 8. Bd3 cxd4 9. Nxd4 Nxc3 10. bxc3 Be7 11. a4 b6 12. Ba3 Bb7 13. O-O Nc6 14. Rfd1 Bxa3 15. Rxa3 {0-1 (36) Bara,J (1422)-Kriz,J (1710) Prague 2015}) 8. Bd2 (8. O-O $16 Nf6 9. Bd2) 8... Nxd2 $11 {The position is equal.} 9. Nxd2 cxd4 10. exd4 Nc6 11. Nb3 Qg5 12. O-O Be7 13. a3 d5 14. cxd5 exd5 15. f4 Qh6 16. Nxd5 Bd6 17. g3 Be6 18. Ne3 $2 (18. Bf3 $11 {and White stays safe.}) 18... Bxb3 $1 $19 19. Qxb3 {Hoping for Rad1.} Nxd4 {[%mdl 64] Double Attack} 20. Qc4 Nxe2+ 21. Qxe2 Bc5 {And now ...Rfe8 would win.} 22. Rf3 Rae8 (22... Rfe8 $19 {Threatens to win with ...Qb6.} 23. Kg2 Qe6) 23. Re1 $2 (23. Kg2 $17) 23... Qc6 24. Kf2 Re7 25. Qd3 $2 (25. Rc1 Rfe8 26. Rc3) 25... Rfe8 26. b4 Bb6 27. g4 (27. b5 {was worth a try.} Qc5 28. Kg2) 27... Qe4 $2 (27... Rd8 28. Qf1 Qc3) 28. Qb5 $2 (28. Qxe4 Rxe4 29. h3) 28... Bxe3+ $2 (28... Qc2+ $19 29. Re2 Qb1) 29. Rexe3 $15 Qc2+ {[#]} 30. Qe2 $1 {[%cal Re2c2][%mdl 512]} Qxe2+ 31. Kxe2 f6 (31... f5 {seems wilder.} 32. gxf5 Kf7 33. Rxe7+ Rxe7+ 34. Re3 Rc7) 32. Rxe7 Rxe7+ $11 {[%mdl 4096] Endgame KR-KR} 33. Kd3 f5 34. h3 Kf7 35. Kd4 Kf6 36. Kd5 Rd7+ 37. Kc5 Rc7+ 38. Kd5 Re7 39. Kc5 fxg4 40. hxg4 g5 41. f5 $2 {[#]} (41. Kd6 $11 {and White has nothing to worry.} Rg7 42. Rf2) 41... h5 $1 {[%mdl 512]} 42. gxh5 $17 g4 43. Rf1 Rh7 44. Kd4 Rxh5 45. Ke4 g3 46. Rg1 {[#]} Rg5 $1 47. Rg2 $2 {[%mdl 8192]} (47. Kf3 $17) 47... Rg4+ $19 48. Ke3 $2 (48. Kf3 Kxf5 49. Ke3) 48... Kxf5 49. Kf3 Rf4+ 50. Ke3 Kg4 51. Rg1 Rf7 (51... Rf3+ $142 52. Ke2 Rxa3) 52. Rg2 Kh3 {Black mates.} 53. Rg1 Kh2 54. Rb1 g2 55. Kd4 g1=Q+ 56. Rxg1 Kxg1 57. Kc5 Rf5+ 58. Kd6 Rb5 {Accuracy: White = 28%, Black = 54%.} 0-1

[Event "2nd Kalyan Dombivali 2019"]
[Site "Kalyan"]
[Date "2019.01.31"]
[Round "4"]
[White "Tikam Aradhya"]
[Black "Bhat Sanjay"]
[Result "0-1"]
[WhiteElo "1332"]
[BlackElo "1597"]
[Annotator "NA"]
[PlyCount "132"]
[EventDate "2019.01.28"]
[EventType "swiss"]
[EventRounds "10"]
[EventCountry "IND"]
[SourceTitle "playchess.com"]
[Source "ChessBase"]
[SourceQuality "1"]
[TimeControl "5400+30"]

1. e4 {[%emt 0:00:00]} e5 {[%emt 0:00:00]} 2. Nf3 {[%emt 0:00:00]} Nc6 {[%emt 0:00:00]} 3. Bc4 {[%emt 0:00:00]} Nf6 {[%emt 0:00:00]} 4. d3 {[%emt 0:00:04]} Bc5 {[%emt 0:00:00]} 5. c3 {[%emt 0:00:36]} a6 {[%emt 0:00:00]} 6. O-O {[%emt 0:00:29]} d6 {[%emt 0:00:00]} 7. h3 {[%emt 0:00:19]} Na5 {[%emt 0:00:00]} 8. Bb3 {[%emt 0:00:12]} Nxb3 {[%emt 0:00:02]} 9. Qxb3 {[%emt 0:00:08]} O-O {[%emt 0:20:28]} 10. Bg5 {[%emt 0:00:49]} h6 {[%emt 0:00:17]} 11. Bh4 {[%emt 0:00:29]} Qe7 {[%emt 0:15:15]} 12. Nbd2 {[%emt 0:02:06]} b5 {[%emt 0:00:36]} 13. d4 {[%emt 0:03:56]} Bb6 {[%emt 0:01:38]} 14. dxe5 {[%emt 0:00:19]} dxe5 {[%emt 0:00:24]} 15. Bxf6 {[%emt 0:00:17]} Qxf6 {[%emt 0:00:12]} 16. Qd5 {[%emt 0:00:18]} Be6 {[%emt 0:17:44]} 17. Qxe5 {[%emt 0:01:06]} Qg6 {[%emt 0:00:36]} 18. Nh4 {[%emt 0:02:01]} Qh7 {[%emt 0:00:49]} 19. Qg3 {[%emt 0:01:32]} Rad8 {[%emt 0:02:08]} 20. Nhf3 {[%emt 0:01:36]} Rd3 {[%emt 0:01:21]} 21. Rfe1 {[%emt 0:13:31]} Rfd8 {[%emt 0:09:42]} 22. Nf1 {[%emt 0:02:11]} Bc8 {[%emt 0:06:54]} 23. Qf4 {[%emt 0:07:22]} g5 {[%emt 0:04:13]} 24. Qg3 {[%emt 0:05:42]} Re8 {[%emt 0:03:28]} 25. e5 {[%emt 0:03:19]} Red8 {[%emt 0:00:06]} 26. N1h2 {[%emt 0:03:19]} Qg6 {[%emt 0:00:41]} 27. Ng4 {[%emt 0:02:10]} Be6 {[%emt 0:01:36]} 28. a3 {[%emt 0:08:38]} Kf8 {[%emt 0:00:05]} 29. Nf6 {[%emt 0:03:36]} c5 {[%emt 0:02:34]} 30. Rf1 {[%emt 0:06:25]} Bc7 {[%emt 0:02:39]} 31. Rfe1 {[%emt 0:00:43]} Bf5 {[%emt 0:01:54]} 32. Ng4 {[%emt 0:05:19]} Ke7 {[%emt 0:01:54]} 33. Ne3 {[%emt 0:02:31]} Be4 {[%emt 0:00:05]} 34. Rad1 {[%emt 0:03:14]} Kf8 {[%emt 0:01:46]} 35. Qg4 {[%emt 0:05:20]} Rxd1 36. Nxd1 {[%emt 0:00:36]} f5 {[%emt 0:03:48]} 37. exf6 {[%emt 0:00:22]} Bf5 {[%emt 0:00:10]} 38. Nh4 {[%emt 0:02:20]} gxh4 {[%emt 0:00:05]} 39. Qxh4 {[%emt 0:00:03]} Qg5 {[%emt 0:01:03]} 40. Qxg5 {[%emt 0:00:50]} hxg5 {[%emt 0:00:02]} 41. Ne3 {[%emt 0:00:44]} Be6 {[%emt 0:00:55]} 42. Ng4 {[%emt 0:00:42]} Kf7 {[%emt 0:00:57]} 43. Ne5+ {[%emt 0:01:31]} Kxf6 {[%emt 0:00:05]} 44. Nf3 {[%emt 0:01:12]} g4 {[%emt 0:00:14]} 45. hxg4 {[%emt 0:00:22]} Bxg4 {[%emt 0:00:03]} 46. Nh2 {[%emt 0:00:02]} Bh5 {[%emt 0:00:43]} 47. Nf1 {[%emt 0:00:51]} Rd1 {[%emt 0:01:44]} 48. Rxd1 {[%emt 0:00:01]} Bxd1 {[%emt 0:00:06]} 49. c4 {[%emt 0:00:30]} Be5 {[%emt 0:01:06]} 50. Ne3 {[%emt 0:00:35]} Bb3 {[%emt 0:00:27]} 51. Ng4+ {[%emt 0:00:34]} Kf5 {[%emt 0:00:09]} 52. Nxe5 {[%emt 0:00:07]} Kxe5 {[%emt 0:00:06]} 53. cxb5 {[%emt 0:00:10]} axb5 {[%emt 0:00:04]} 54. Kf1 {[%emt 0:00:21]} Bd5 {[%emt 0:00:07]} 55. g3 {[%emt 0:00:24]} Bf3 {[%emt 0:00:05]} 56. Ke1 {[%emt 0:00:14]} Kd4 {[%emt 0:00:08]} 57. Kd2 {[%emt 0:00:22]} Kc4 {[%emt 0:01:29]} 58. Kc2 {[%emt 0:00:17]} Be4+ {[%emt 0:00:05]} 59. Kc1 {[%emt 0:00:01]} Kb3 {[%emt 0:01:37]} 60. f4 {[%emt 0:00:05]} Bf5 {[%emt 0:00:09]} 61. g4 {[%emt 0:00:23]} Bxg4 {[%emt 0:00:05]} 62. Kb1 {[%emt 0:00:13]} Bf5+ {[%emt 0:00:06]} 63. Ka1 {[%emt 0:00:11]} c4 {[%emt 0:02:34]} 64. a4 {[%emt 0:00:24]} Kxa4 {[%emt 0:00:01]} 65. b3+ {[%emt 0:00:14]} Ka3 {[%emt 0:02:37]} 66. b4 {[%emt 0:00:20]} Kxb4 {[%emt 0:00:01]} 0-1

[Event "2nd Kalyan Dombivali 2019"]
[Site "Kalyan"]
[Date "2019.01.31"]
[Round "4"]
[White "Divekar Prathamesh"]
[Black "Joshi, Nikhil C."]
[Result "0-1"]
[WhiteElo "1327"]
[BlackElo "2088"]
[Annotator "NA RC"]
[PlyCount "126"]
[EventDate "2019.01.28"]
[EventType "swiss"]
[EventRounds "10"]
[EventCountry "IND"]
[SourceTitle "playchess.com"]
[Source "ChessBase"]
[SourceQuality "1"]
[TimeControl "5400+30"]

{[%evp 21,126,-20,-20,32767,32767,32767,32767,-39,-4,-16,32767,-3,0,-139,32767,-100,32767,-5,21,0,51,-26,-33,32767,32767,32767,32767,32767,32767,-121,-135,-126,-112,-151,-160,-184,-197,-298,-339,-340,-309,-355,-202,-226,-110,-161,-165,-297,-296,-304,-308,-283,-288,-298,32767,32767,32767,32767,32767,-302,-272,-298,-366,-283,32767,32767,32767,32767,32767,32767,32767,32767,32767,32767,-306,-312,-320,-338,-410,-394,32767,-622,-511,-464,-449,-436,32767,32767,32767,32767,-1227,-1190,-1855,-1461,-1568,-1588,-4622,-29975,-29979,-29977,-29972,32767,32767,32767,32767,-29985,-29986]} 1. e4 {[%emt 0:00:00]} c5 {[%emt 0:00:00]} 2. Nf3 {[%emt 0:00:05]} d6 {[%emt 0:00:00]} 3. d4 {[%emt 0:00:05]} cxd4 {[%emt 0:00:00]} 4. Nxd4 {[%emt 0:00:06]} Nf6 {[%emt 0:00:00]} 5. Nc3 {[%emt 0:00:04]} Nc6 {[%emt 0:02:24]} 6. Be2 {[%emt 0:03:15]} e6 {[%emt 0:02:43]} 7. Be3 {[%emt 0:01:24]} Be7 {[%emt 0:00:08]} 8. O-O {[%emt 0:00:24]} a6 {[%emt 0:00:12]} 9. f4 {[%emt 0:03:16]} Qc7 {[%emt 0:01:04]} 10. f5 {[%emt 0:03:07]} Ne5 {[%emt 0:07:00]} 11. Bg5 {[%emt 0:09:54]} O-O {[%emt 0:07:41]} 12. Kh1 {[%emt 0:03:36]} Qb6 {[%emt 0:08:34]} 13. Rb1 {[%emt 0:03:05]} Bd7 {[%emt 0:00:24]} 14. Be3 {[%emt 0:02:18]} Qc7 {[%emt 0:00:47]} 15. Qe1 {[%emt 0:03:24]} Nc4 {[%emt 0:05:18]} 16. Bxc4 {[%emt 0:04:09]} Qxc4 {[%emt 0:00:21]} 17. Qe2 {[%emt 0:05:49]} (17. Rd1 $11) 17... Rac8 {[%emt 0:00:38]} 18. Qf3 {[%emt 0:03:20]} e5 {[%emt 0:01:27]} 19. Nb3 {[%emt 0:03:30]} b5 {[%emt 0:07:17]} 20. a3 {[%emt 0:01:58]} Qc7 {[%emt 0:00:24] [#]} 21. Bg5 {[%emt 0:02:12]} (21. g4 $1 $16 {[%cal Rg4g5]} h6 22. g5 hxg5 23. Bxg5) 21... Bc6 {[%emt 0:00:35]} 22. Qg3 {[%emt 0:05:30]} Nh5 {[%emt 0:04:42]} 23. Qg4 {[%emt 0:00:21]} Bxg5 {[%emt 0:00:06]} 24. Qxg5 {[%emt 0:00:04]} Nf6 {[%emt 0:00:07]} 25. Rbe1 {[%emt 0:02:46]} a5 {[%emt 0:01:27]} 26. Rf3 {[%emt 0:03:15]} h6 {[%emt 0:01:35]} 27. Qh4 {[%emt 0:00:59]} b4 {[%emt 0:03:26]} 28. Rg3 {[%emt 0:00:32]} Kh8 {[%emt 0:00:11]} 29. Ree3 {[%emt 0:04:19]} (29. axb4 $142 axb4 30. Nd1) 29... Qd8 {[%emt 0:09:22]} ({Worse is} 29... bxc3 {[#]} 30. Rxg7 $1 {[%mdl 512]} Kxg7 31. Rg3+ Kh7 32. Qxf6 $16) 30. axb4 {[%emt 0:03:32]} axb4 {[%emt 0:00:12]} 31. Na2 {[%emt 0:02:11]} Rb8 {[%emt 0:02:14]} (31... Ba4 $142 32. Nxb4 Rc4) 32. Rh3 {[%emt 0:03:00]} Nh7 {[%emt 0:04:06]} (32... d5 $19 {has better winning chances.} 33. Qe1 dxe4 34. Nxb4 Bd7) 33. Qxd8 {[%emt 0:01:00]} (33. Qe1 $17) 33... Rfxd8 {[%emt 0:00:37]} 34. Rhg3 {[%emt 0:01:59]} (34. Re1 $17 {was worth a try.}) 34... Nf6 {[%emt 0:02:43]} 35. Nd2 {[%emt 0:03:46]} Ra8 {[%emt 0:02:12]} 36. Nc1 {[%emt 0:00:06]} Ra1 {[%emt 0:02:23]} 37. Re1 {[%emt 0:01:17]} Nxe4 {[%emt 0:02:24]} 38. Nxe4 {[%emt 0:00:06]} Bxe4 {[%emt 0:00:05]} 39. Rb3 {[%emt 0:00:09]} Rc8 {[%emt 0:01:36]} 40. Nd3 {[%emt 0:02:20]} Rxe1+ {[%emt 0:00:13]} 41. Nxe1 {[%emt 0:00:04]} Bxc2 {[%emt 0:00:41]} 42. Nxc2 {[%emt 0:01:19]} Rxc2 {[%emt 0:01:22]} 43. Kg1 {[%emt 0:00:03]} Rc4 {[%emt 0:00:06]} 44. Rd3 {[%emt 0:00:05]} Rc1+ {[%emt 0:00:28]} 45. Kf2 {[%emt 0:00:04]} Rc2+ {[%emt 0:00:02]} 46. Kg3 {[%emt 0:00:04]} Rxb2 {[%emt 0:00:03]} 47. Rxd6 {[%emt 0:00:06]} Rc2 {[%emt 0:01:28]} 48. Rb6 {[%emt 0:00:29]} Rc4 {[%emt 0:00:21]} 49. Rb5 {[%emt 0:00:27]} f6 {[%emt 0:00:24]} 50. Kh3 {[%emt 0:01:46]} h5 {[%emt 0:00:08]} 51. g3 {[%emt 0:00:09]} Kh7 {[%emt 0:00:33]} 52. Kg2 {[%emt 0:00:08]} h4 {[%emt 0:01:02]} 53. Rb7 {[%emt 0:00:29]} Kh6 {[%emt 0:00:13]} 54. Kh3 {[%emt 0:00:20]} hxg3 {[%emt 0:00:19]} 55. hxg3 {[%emt 0:00:16]} Kg5 {[%emt 0:00:22]} 56. Rxg7+ {[%emt 0:00:11]} Kxf5 {[%emt 0:00:06]} 57. g4+ {[%emt 0:00:23]} Ke6 {[%emt 0:00:51]} (57... Ke4 $142 58. Rb7 Kf3) 58. g5 {[%emt 0:00:43]} fxg5 {[%emt 0:00:27]} 59. Rxg5 {[%emt 0:00:04]} b3 {[%emt 0:00:18]} 60. Rg1 {[%emt 0:00:29]} b2 {[%emt 0:00:09]} 61. Rb1 {[%emt 0:00:06]} Rb4 {[%emt 0:00:06]} 62. Kg3 {[%emt 0:00:07]} Kd5 {[%emt 0:00:07]} 63. Kf2 {[%emt 0:00:25]} Kc4 {[%emt 0:00:20]} 0-1